| 000 | 00951cam a2200313 a 4500 | ||
|---|---|---|---|
| 001 | 000004014 | ||
| 003 | DO-SdBNP | ||
| 005 | 20220927104514.0 | ||
| 007 | ta | ||
| 008 | 971023s2000 sp 000 f spa | ||
| 020 | _a8433908626 | ||
| 040 |
_aDO-SdBNP _bspa _cBNPHU |
||
| 082 | 4 |
_a891.43 _bR888d, 2000 _222 |
|
| 100 | 1 |
_aRoy, Arundhati, _d1961- _912012 |
|
| 245 | 1 | 3 |
_aEl dios de las pequeñas cosas / _cArundhati Roy ; traducción, Cecilia Ceriani y Txaro Santoro. |
| 250 | _a19a ed. | ||
| 260 |
_aBarcelona : _bAnagrama, _c2000. |
||
| 300 |
_a382 p. ; _c22 cm. |
||
| 490 | 1 |
_aPanorama narratva _v392 |
|
| 534 |
_pTítulo original: _tThe god of small things |
||
| 590 | _aInventariado, 2022 / DG | ||
| 650 | 4 |
_aNovela hindú _912014 |
|
| 650 | 4 |
_aLiteratura hindú _912015 |
|
| 650 | 4 |
_aLiteratura índica _912016 |
|
| 700 | 1 |
_aCeriani, Cecilia, _etr. _912017 |
|
| 700 | 1 |
_aSantoro, Txaro, _etr. _912018 |
|
| 910 | _aDG | ||
| 942 |
_2ddc _cLBS1 |
||
| 999 |
_c3833 _d3833 |
||